Tables de 13, 17 et 19 - Statistiques

Statistiques générales
  • Ce quiz a été pris 52 fois
  • Le résultat moyen est 39 sur 59
Statistiques - réponses
Hint Réponse % Correct
13x2 26
97%
13x1 13
94%
13x3 39
89%
13x11 143
86%
19x1 19
86%
17x2 34
86%
13x10 130
83%
17x1 17
83%
19x10 190
83%
19x2 38
83%
13x4 52
83%
13x5 65
83%
13x6 78
83%
17x10 170
77%
17x3 51
77%
17x4 68
77%
13x9 117
74%
17x11 187
74%
13x20 260
74%
19x20 380
74%
17x5 85
74%
17x6 102
71%
17x7 119
71%
13x13 169
71%
19x5 95
71%
17x8 136
69%
13x12 156
69%
13x15 195
69%
19x3 57
69%
13x7 91
69%
17x9 153
66%
13x19 247
66%
19x13 247
66%
17x20 340
66%
19x4 76
66%
13x8 104
63%
19x9 171
63%
19x8 152
60%
19x11 209
60%
13x17 221
60%
17x13 221
60%
19x19 361
60%
19x17 323
57%
17x19 323
57%
19x6 114
54%
19x7 133
54%
17x12 204
54%
13x18 234
51%
17x15 255
51%
19x15 285
51%
19x18 342
51%
13x14 182
49%
19x12 228
49%
17x18 306
49%
17x16 272
46%
19x16 304
43%
17x14 238
40%
19x14 266
37%
17x17 289
37%
Aucun quiz correspondant
Distribution des résultats
% des personnes avec chaque résultat
Percentile par nombre de réponses
Votre historique - résultats
Vous n’avez pas pris ce quiz